000 00437nam a2200145Ia 4500
008 100204s9999 xx 000 0 und d
082 _b16775
100 _aकुलकर्णी श्यामकुमार
245 _aकैफियत
260 _b"शब्दांगण प्रकाशन , ठाणे"
_c1993
300 _a64
630 _aकैफियत
730 _aकैफियत
942 _cBOOK
999 _c461198
_d461195